00216 2200097 4500245003800000100001700038650001700055005001900072041001400091084001300105 aShin Sen GumicKuroyurihimehText aKuroyurihime aKomik Jepang a20230202103100 aIndonesia a741.5592